[Event "Prague Open 2022 - A IM Open"]
[Site "Olympik hotel, Prague"]
[Date "2022.01.14"]
[Round "9"]
[Board "7"]
[White "Vojta, Jakub"]
[Black "Mannion, Stephen R"]
[Result "1-0"]
[WhiteElo "2216"]
[BlackElo "2271"]
[PlyCount "0"]
[EventDate "2022.01.07"]
[EventRounds "9"]
[EventCountry "CZE"]

1. Nf3 {[%clk 1:30:56]} d5 {[%clk 1:30:42]} 2. g3 {[%clk 1:31:22]} Nf6
{[%clk 1:31:02]} 3. Bg2 {[%clk 1:31:38]} c6 {[%clk 1:31:27]} 4. c4
{[%clk 1:32:05]} g6 {[%clk 1:29:30]} 5. b3 {[%clk 1:29:22]} Bg7 {[%clk 1:29:39]}
6. Bb2 {[%clk 1:29:27]} O-O {[%clk 1:29:58]} 7. O-O {[%clk 1:28:49]} Bg4
{[%clk 1:29:40]} 8. d3 {[%clk 1:27:25]} Bxf3 {[%clk 1:25:12]} 9. Bxf3
{[%clk 1:26:43]} Re8 {[%clk 1:25:34]} 10. Nd2 {[%clk 1:21:46]} a5
{[%clk 1:07:46]} 11. a3 {[%clk 1:09:52]} Na6 {[%clk 1:06:27]} 12. Qc2
{[%clk 1:00:35]} Rc8 {[%clk 0:53:04]} 13. Rfc1 {[%clk 0:56:27]} e6
{[%clk 0:43:15]} 14. Be5 {[%clk 0:42:29]} Nd7 {[%clk 0:36:13]} 15. Bxg7
{[%clk 0:41:30]} Kxg7 {[%clk 0:36:40]} 16. Qc3+ {[%clk 0:39:33]} Nf6
{[%clk 0:28:57]} 17. b4 {[%clk 0:36:26]} axb4 {[%clk 0:23:39]} 18. axb4
{[%clk 0:36:55]} Qe7 {[%clk 0:23:35]} 19. Rab1 {[%clk 0:36:50]} e5
{[%clk 0:11:10]} 20. b5 {[%clk 0:30:56]} Nc5 {[%clk 0:10:17]} 21. bxc6
{[%clk 0:29:27]} bxc6 {[%clk 0:10:35]} 22. d4 {[%clk 0:19:14]} Nce4
{[%clk 0:10:31]} 23. Bxe4 {[%clk 0:18:37]} Nxe4 {[%clk 0:10:46]} 24. Nxe4
{[%clk 0:18:56]} dxe4 {[%clk 0:11:12]} 25. Rb6 {[%clk 0:17:37]} exd4
{[%clk 0:10:30]} 26. Qxd4+ {[%clk 0:18:01]} Qe5 {[%clk 0:09:12]} 27. Rd1
{[%clk 0:17:32]} Qxd4 {[%clk 0:08:32]} 28. Rxd4 {[%clk 0:17:13]} Re5
{[%clk 0:06:25]} 29. Rb7 {[%clk 0:15:17]} Rce8 {[%clk 0:05:13]} 30. Rdd7
{[%clk 0:14:59]} Rf8 {[%clk 0:05:15]} 31. Rd4 {[%clk 0:11:00]} Rfe8
{[%clk 0:05:13]} 32. Rdd7 {[%clk 0:09:08]} Rf8 {[%clk 0:05:40]} 33. Kf1
{[%clk 0:09:09]} Rc5 {[%clk 0:05:24]} 34. Rd4 {[%clk 0:09:35]} Re8
{[%clk 0:05:23]} 35. Ke1 {[%clk 0:08:22]} e3 {[%clk 0:03:38]} 36. f4
{[%clk 0:05:41]} Ra8 {[%clk 0:03:51]} 37. Kf1 {[%clk 0:03:48]} Ra2
{[%clk 0:03:24]} 38. Rdd7 {[%clk 0:01:42]} Rf5 {[%clk 0:03:08]} 39. Rb3
{[%clk 0:00:42]} Rc2 {[%clk 0:02:08]} 40. Rxe3 {[%clk 0:00:59]} Rxc4
{[%clk 0:01:05]} 41. Ree7 {[%clk 0:30:13]} Rc2 {[%clk 0:30:36]} 42. Kg2
{[%clk 0:23:37]} h5 {[%clk 0:18:37]} 43. Kf3 {[%clk 0:21:10]} Kg8
{[%clk 0:12:37]} 44. h3 {[%clk 0:13:53]} g5 {[%clk 0:08:46]} 45. Ke4
{[%clk 0:10:37]} Rfc5 {[%clk 0:05:13]} 46. Kf3 {[%clk 0:08:10]} Rf5
{[%clk 0:05:39]} 47. e3 {[%clk 0:08:28]} gxf4 {[%clk 0:05:13]} 48. gxf4
{[%clk 0:08:21]} Rc3 {[%clk 0:04:18]} 49. Ke4 {[%clk 0:06:31]} Rf6
{[%clk 0:04:14]} 50. Rc7 {[%clk 0:04:42]} Kf8 {[%clk 0:04:10]} 51. Re5
{[%clk 0:05:02]} h4 {[%clk 0:03:42]} 52. Rc8+ {[%clk 0:03:08]} Kg7
{[%clk 0:04:09]} 53. Ree8 {[%clk 0:03:01]} Re6+ {[%clk 0:04:32]} 54. Rxe6
{[%clk 0:03:25]} fxe6 {[%clk 0:05:01]} 55. Re8 {[%clk 0:03:42]} Kf6
{[%clk 0:04:40]} 56. Rh8 {[%clk 0:04:10]} c5 {[%clk 0:04:58]} 57. Rxh4
{[%clk 0:04:14]} c4 {[%clk 0:04:58]} 58. Rh5 {[%clk 0:04:08]} Ra3
{[%clk 0:04:23]} 59. Rc5 {[%clk 0:04:20]} Rc3 {[%clk 0:04:36]} 60. h4
{[%clk 0:04:22]} Kg6 {[%clk 0:02:37]} 61. Re5 {[%clk 0:04:19]} Kf6
{[%clk 0:02:59]} 62. h5 {[%clk 0:04:09]} Rc1 {[%clk 0:02:36]} 63. Kd4
{[%clk 0:03:59]} c3 {[%clk 0:01:15]} 64. Kd3 {[%clk 0:04:15]} Kf7
{[%clk 0:01:25]} 65. Rc5 {[%clk 0:03:34]} Kf6 {[%clk 0:01:48]} 66. Rg5
{[%clk 0:01:45]} c2 {[%clk 0:01:17]} 67. Rc5 {[%clk 0:01:45]} Rd1+
{[%clk 0:00:52]} 68. Kxc2 {[%clk 0:02:11]} Rd8 {[%clk 0:01:15]} 69. Re5
{[%clk 0:02:23]} Rd7 {[%clk 0:01:40]} 70. Kc3 {[%clk 0:02:29]} Rd1
{[%clk 0:01:58]} 71. Rg5 {[%clk 0:02:18]} Kf7 {[%clk 0:02:09]} 72. Ra5
{[%clk 0:01:03]} Kf6 {[%clk 0:02:31]} 73. Kc2 {[%clk 0:01:30]} Rd8
{[%clk 0:02:08]} 74. Rb5 {[%clk 0:01:59]} Rd7 {[%clk 0:02:27]} 75. Kc3
{[%clk 0:02:26]} Rd1 {[%clk 0:02:51]} 76. Re5 {[%clk 0:01:44]} Kf7
{[%clk 0:03:06]} 77. Kc4 {[%clk 0:01:27]} Kf6 {[%clk 0:03:32]} 78. Kc5
{[%clk 0:01:46]} Rd3 {[%clk 0:03:47]} 79. h6 {[%clk 0:01:37]} Rd8
{[%clk 0:04:00]} 80. h7 {[%clk 0:01:08]} Rh8 {[%clk 0:04:12]} 81. Rh5
{[%clk 0:01:33]} Kg6 {[%clk 0:03:57]} 82. Rh1 {[%clk 0:01:53]} Kf7
{[%clk 0:01:01]} 83. Kd6 {[%clk 0:02:14]} Rd8+ {[%clk 0:00:35]} 84. Kc7
{[%clk 0:02:41]} Rh8 {[%clk 0:01:01]} 85. Kd7 {[%clk 0:03:08]} Kf6
{[%clk 0:01:19]} 86. e4 {[%clk 0:03:31]} e5 {[%clk 0:01:18]} 87. fxe5+
{[%clk 0:03:28]} Kxe5 {[%clk 0:01:15]} 88. Ke7 {[%clk 0:03:54]}  1-0

[Event "Prague Open 2022 - A IM Open"]
[Site "Olympik hotel, Prague"]
[Date "2022.01.14"]
[Round "9"]
[Board "8"]
[White "Unneland, Mathias"]
[Black "Blahynka, Martin"]
[Result "0-1"]
[WhiteElo "2262"]
[BlackElo "2391"]
[PlyCount "0"]
[EventDate "2022.01.07"]
[EventRounds "9"]
[EventCountry "CZE"]

1. Nf3 {[%clk 1:30:40]} Nf6 {[%clk 1:30:17]} 2. c4 {[%clk 1:30:42]} e6
{[%clk 1:29:55]} 3. d4 {[%clk 1:30:22]} c5 {[%clk 1:29:58]} 4. d5
{[%clk 1:30:09]} b5 {[%clk 1:30:20]} 5. dxe6 {[%clk 1:29:43]} fxe6
{[%clk 1:30:45]} 6. cxb5 {[%clk 1:29:46]} a6 {[%clk 1:31:10]} 7. e3
{[%clk 1:29:11]} Be7 {[%clk 1:31:20]} 8. Nc3 {[%clk 1:28:50]} O-O
{[%clk 1:30:58]} 9. Be2 {[%clk 1:27:44]} axb5 {[%clk 1:31:23]} 10. Nxb5
{[%clk 1:27:03]} Nc6 {[%clk 1:30:21]} 11. O-O {[%clk 1:25:46]} Kh8
{[%clk 1:30:05]} 12. b3 {[%clk 1:15:02]} d6 {[%clk 1:30:27]} 13. Bb2
{[%clk 1:12:12]} e5 {[%clk 1:30:48]} 14. Nd2 {[%clk 1:09:12]} d5 {[%clk 1:13:36]}
15. Nf3 {[%clk 0:50:19]} d4 {[%clk 1:02:10]} 16. exd4 {[%clk 0:46:48]} cxd4
{[%clk 1:02:00]} 17. Rc1 {[%clk 0:43:52]} Rxa2 {[%clk 0:43:19]} 18. Rxc6
{[%clk 0:43:25]} Rxb2 {[%clk 0:43:37]} 19. Rc2 {[%clk 0:31:33]} Rxc2
{[%clk 0:23:04]} 20. Qxc2 {[%clk 0:31:58]} Bd6 {[%clk 0:20:48]} 21. Qc6
{[%clk 0:27:21]} Bb8 {[%clk 0:20:14]} 22. Bc4 {[%clk 0:25:28]} Bd7
{[%clk 0:13:39]} 23. Qb7 {[%clk 0:23:34]} e4 {[%clk 0:08:55]} 24. Ng5
{[%clk 0:21:36]} Bxh2+ {[%clk 0:07:36]} 25. Kxh2 {[%clk 0:21:08]} Ng4+
{[%clk 0:07:59]} 26. Kg1 {[%clk 0:20:58]} Qxg5 {[%clk 0:05:23]} 27. Qxd7
{[%clk 0:21:08]} e3 {[%clk 0:01:59]} 28. f3 {[%clk 0:20:52]} e2 {[%clk 0:02:08]}
29. Qxg4 {[%clk 0:19:06]} Qxg4 {[%clk 0:02:25]} 30. Re1 {[%clk 0:18:42]} Rxf3
{[%clk 0:01:01]} 31. Rxe2 {[%clk 0:17:59]} Re3 {[%clk 0:01:15]}  0-1

[Event "Prague Open 2022 - A IM Open"]
[Site "Olympik hotel, Prague"]
[Date "2022.01.14"]
[Round "9"]
[Board "9"]
[White "Fus, Jakub"]
[Black "Dev, Shah"]
[Result "1-0"]
[WhiteElo "2385"]
[BlackElo "2248"]
[PlyCount "0"]
[EventDate "2022.01.07"]
[EventRounds "9"]
[EventCountry "CZE"]

1. Nf3 {[%clk 1:18:18]} Nf6 {[%clk 1:30:39]} 2. d4 {[%clk 1:18:20]} d5
{[%clk 1:31:02]} 3. c4 {[%clk 1:17:47]} dxc4 {[%clk 1:31:24]} 4. Qa4+
{[%clk 1:17:09]} Nc6 {[%clk 1:31:46]} 5. Nc3 {[%clk 1:16:46]} e6 {[%clk 1:21:07]}
6. a3 {[%clk 1:09:12]} Bd7 {[%clk 1:14:46]} 7. Qxc4 {[%clk 1:09:27]} Na5
{[%clk 1:09:14]} 8. Qa2 {[%clk 1:09:48]} b5 {[%clk 0:48:49]} 9. e3
{[%clk 0:53:59]} c6 {[%clk 0:39:12]} 10. Bd2 {[%clk 0:48:59]} Nb7
{[%clk 0:36:38]} 11. Bd3 {[%clk 0:43:27]} a6 {[%clk 0:35:13]} 12. a4
{[%clk 0:40:41]} Bb4 {[%clk 0:32:28]} 13. O-O {[%clk 0:37:08]} O-O
{[%clk 0:31:32]} 14. e4 {[%clk 0:28:17]} Be7 {[%clk 0:18:55]} 15. Qb1
{[%clk 0:20:52]} h6 {[%clk 0:18:07]} 16. b4 {[%clk 0:20:46]} Ne8 {[%clk 0:13:04]}
17. a5 {[%clk 0:20:31]} Nc7 {[%clk 0:12:24]} 18. Ne2 {[%clk 0:19:22]} f5
{[%clk 0:06:58]} 19. Ne5 {[%clk 0:18:47]} Bd6 {[%clk 0:07:07]} 20. f3
{[%clk 0:12:44]} Bxe5 {[%clk 0:05:13]} 21. dxe5 {[%clk 0:13:11]} fxe4
{[%clk 0:05:23]} 22. Bxe4 {[%clk 0:09:22]} Nd5 {[%clk 0:05:47]} 23. Rc1
{[%clk 0:07:58]} Rc8 {[%clk 0:05:39]} 24. Qb3 {[%clk 0:07:29]} Qe7
{[%clk 0:05:22]} 25. Bb1 {[%clk 0:04:38]} c5 {[%clk 0:03:33]} 26. Qd3
{[%clk 0:05:03]} g5 {[%clk 0:03:58]} 27. h4 {[%clk 0:04:16]} cxb4
{[%clk 0:03:36]} 28. hxg5 {[%clk 0:03:51]} hxg5 {[%clk 0:03:37]} 29. Rxc8
{[%clk 0:02:24]} Rxc8 {[%clk 0:03:58]} 30. Ng3 {[%clk 0:02:42]} Nc5
{[%clk 0:03:57]} 31. Qd4 {[%clk 0:02:54]} Nb3 {[%clk 0:04:11]} 32. Qd3
{[%clk 0:02:42]} Nxa1 {[%clk 0:02:39]} 33. Ne4 {[%clk 0:02:10]} Qh7
{[%clk 0:01:46]} 34. Qd4 {[%clk 0:01:42]} Nc2 {[%clk 0:01:32]} 35. Qb2
{[%clk 0:01:35]} b3 {[%clk 0:00:48]} 36. Qxb3 {[%clk 0:02:02]} Nd4
{[%clk 0:01:15]} 37. Nf6+ {[%clk 0:01:26]} Nxf6 {[%clk 0:01:34]} 38. Bxh7+
{[%clk 0:01:53]} Nxh7 {[%clk 0:01:57]} 39. Qd3 {[%clk 0:02:14]} Rc4
{[%clk 0:01:44]} 40. Be3 {[%clk 0:02:06]} Nf5 {[%clk 0:01:08]} 41. Qxd7
{[%clk 0:00:56]} Nxe3 {[%clk 0:00:59]} 42. Qxe6+ {[%clk 0:01:16]} Kg7
{[%clk 0:26:53]} 43. Qxa6 {[%clk 0:30:42]} Rc1+ {[%clk 0:27:22]} 44. Kf2
{[%clk 0:30:12]} Nc4 {[%clk 0:27:44]} 45. Qb7+ {[%clk 0:28:40]} Kh6
{[%clk 0:26:49]} 46. a6 {[%clk 0:29:05]} Nxe5 {[%clk 0:25:59]} 47. a7
{[%clk 0:28:02]} Rc2+ {[%clk 0:25:53]} 48. Kg1 {[%clk 0:28:14]} Ra2
{[%clk 0:26:02]} 49. a8=Q {[%clk 0:28:23]} Rxa8 {[%clk 0:26:24]} 50. Qxa8
{[%clk 0:28:50]} Nf6 {[%clk 0:26:39]} 51. Qb8 {[%clk 0:28:18]} Nf7
{[%clk 0:27:02]} 52. Qxb5 {[%clk 0:28:34]} Kg6 {[%clk 0:27:12]} 53. Qb1+
{[%clk 0:28:59]} Kg7 {[%clk 0:27:37]} 54. Qf5 {[%clk 0:29:17]} Nh7
{[%clk 0:27:38]} 55. Kf2 {[%clk 0:29:02]} Nf6 {[%clk 0:25:55]} 56. Ke3
{[%clk 0:28:36]} Nh7 {[%clk 0:26:19]} 57. Kd4 {[%clk 0:28:10]} Nf6
{[%clk 0:26:40]} 58. Kc5 {[%clk 0:27:46]} Nh5 {[%clk 0:26:34]} 59. Kc6
{[%clk 0:26:13]} Nf4 {[%clk 0:26:27]} 60. Kd7 {[%clk 0:23:58]} Ng6
{[%clk 0:26:40]} 61. Qb1 {[%clk 0:23:23]} Kf6 {[%clk 0:23:15]} 62. Qb6+
{[%clk 0:20:55]} Kg7 {[%clk 0:23:22]} 63. Qb2+ {[%clk 0:18:44]} Kh6
{[%clk 0:22:18]} 64. Ke6 {[%clk 0:17:57]} Nfh8 {[%clk 0:21:56]} 65. g3
{[%clk 0:14:51]} Nf8+ {[%clk 0:22:10]} 66. Ke7 {[%clk 0:14:12]} Nfg6+
{[%clk 0:22:39]} 67. Kf6 {[%clk 0:14:31]}  1-0

[Event "Prague Open 2022 - A IM Open"]
[Site "Olympik hotel, Prague"]
[Date "2022.01.14"]
[Round "9"]
[Board "10"]
[White "Pham, Khoi"]
[Black "Van Osch, Mees"]
[Result "1/2-1/2"]
[WhiteElo "2114"]
[BlackElo "2366"]
[PlyCount "0"]
[EventDate "2022.01.07"]
[EventRounds "9"]
[EventCountry "CZE"]

1. e4 {[%clk 1:30:58]} e6 {[%clk 1:29:56]} 2. d4 {[%clk 1:31:18]} d5
{[%clk 1:30:22]} 3. Nc3 {[%clk 1:31:42]} Nf6 {[%clk 1:30:44]} 4. e5
{[%clk 1:31:53]} Nfd7 {[%clk 1:31:11]} 5. f4 {[%clk 1:32:03]} c5 {[%clk 1:31:37]}
6. Nf3 {[%clk 1:32:27]} Nc6 {[%clk 1:32:02]} 7. Be3 {[%clk 1:32:49]} cxd4
{[%clk 1:32:21]} 8. Nxd4 {[%clk 1:33:11]} Bc5 {[%clk 1:32:48]} 9. Qd2
{[%clk 1:32:34]} O-O {[%clk 1:33:08]} 10. O-O-O {[%clk 1:32:51]} a6
{[%clk 1:33:34]} 11. Nb3 {[%clk 1:32:23]} Be7 {[%clk 1:33:12]} 12. Bd3
{[%clk 1:28:15]} Nb4 {[%clk 1:33:37]} 13. Kb1 {[%clk 1:25:41]} b5
{[%clk 1:32:29]} 14. g4 {[%clk 1:18:10]} Nxd3 {[%clk 1:13:28]} 15. cxd3
{[%clk 1:17:45]} Bb7 {[%clk 1:13:20]} 16. Nd4 {[%clk 1:13:11]} b4
{[%clk 1:08:03]} 17. Nce2 {[%clk 1:09:43]} a5 {[%clk 1:07:34]} 18. Rc1
{[%clk 1:05:06]} Ra6 {[%clk 0:56:59]} 19. g5 {[%clk 1:00:47]} a4 {[%clk 0:49:26]}
20. h4 {[%clk 0:59:22]} Qa5 {[%clk 0:36:25]} 21. h5 {[%clk 0:54:45]} Nc5
{[%clk 0:36:02]} 22. Qd1 {[%clk 0:36:22]} Bc8 {[%clk 0:33:14]} 23. Ng3
{[%clk 0:32:20]} Nb3 {[%clk 0:19:30]} 24. Nc6 {[%clk 0:23:54]} Rxc6
{[%clk 0:11:38]} 25. Rxc6 {[%clk 0:24:19]} d4 {[%clk 0:12:04]} 26. Bf2
{[%clk 0:21:30]} Bb7 {[%clk 0:11:47]} 27. Rc4 {[%clk 0:21:39]} Bxh1
{[%clk 0:05:07]} 28. Nxh1 {[%clk 0:22:04]} Nc5 {[%clk 0:05:19]} 29. Bxd4
{[%clk 0:22:27]} Nd7 {[%clk 0:02:55]} 30. Nf2 {[%clk 0:19:49]} Nb6
{[%clk 0:02:45]} 31. Bxb6 {[%clk 0:17:00]} Qxb6 {[%clk 0:03:14]} 32. d4
{[%clk 0:15:09]} a3 {[%clk 0:03:34]} 33. b3 {[%clk 0:15:20]} Qb7 {[%clk 0:02:50]}
34. Qh1 {[%clk 0:15:41]} Qxh1+ {[%clk 0:01:40]} 35. Nxh1 {[%clk 0:16:07]} f6
{[%clk 0:02:05]} 36. gxf6 {[%clk 0:15:11]} gxf6 {[%clk 0:02:29]} 37. Nf2
{[%clk 0:13:41]} fxe5 {[%clk 0:02:29]} 38. dxe5 {[%clk 0:14:06]} Rf5
{[%clk 0:02:30]} 39. Kc2 {[%clk 0:04:41]} Rxh5 {[%clk 0:02:43]} 40. Kd3
{[%clk 0:05:07]} Rh2 {[%clk 0:01:05]} 41. Rc2 {[%clk 0:03:18]} Kf7
{[%clk 0:17:28]} 42. Re2 {[%clk 0:31:06]} h5 {[%clk 0:08:14]} 43. Ne4
{[%clk 0:30:37]} Rh1 {[%clk 0:08:10]} 44. Nf2 {[%clk 0:25:13]} Rb1
{[%clk 0:06:48]} 45. Ke4 {[%clk 0:20:04]} Rb2 {[%clk 0:06:44]} 46. Kf3
{[%clk 0:20:30]} h4 {[%clk 0:04:36]} 47. Nd3 {[%clk 0:12:05]} Rxe2
{[%clk 0:03:04]} 48. Kxe2 {[%clk 0:12:30]} h3 {[%clk 0:03:25]} 49. Kf3
{[%clk 0:12:30]} Kg6 {[%clk 0:03:29]} 50. Nf2 {[%clk 0:05:13]} h2
{[%clk 0:03:54]} 51. Kg2 {[%clk 0:05:03]} Bc5 {[%clk 0:02:14]} 52. Ne4
{[%clk 0:04:07]} Bg1 {[%clk 0:01:23]} 53. Ng3 {[%clk 0:04:27]} Be3
{[%clk 0:01:13]} 54. Kf3 {[%clk 0:03:34]} Bd2 {[%clk 0:01:09]} 55. Kg4
{[%clk 0:01:54]} Be3 {[%clk 0:01:14]} 56. Kf3 {[%clk 0:01:54]} Bc1
{[%clk 0:01:35]} 57. Kg4 {[%clk 0:02:05]} Bd2 {[%clk 0:02:01]} 58. Nh1
{[%clk 0:00:40]} Be1 {[%clk 0:02:17]} 59. Kf3 {[%clk 0:01:07]} Kf5
{[%clk 0:02:06]} 60. Ke2 {[%clk 0:01:32]} Kxf4 {[%clk 0:01:54]} 61. Kxe1
{[%clk 0:01:56]} Kxe5 {[%clk 0:02:20]} 62. Ke2 {[%clk 0:01:37]} Kd4
{[%clk 0:01:18]} 63. Kd2 {[%clk 0:02:02]} e5 {[%clk 0:01:22]} 64. Ng3
{[%clk 0:02:27]} e4 {[%clk 0:01:23]} 65. Nh1 {[%clk 0:02:28]} e3+
{[%clk 0:00:50]} 66. Ke2 {[%clk 0:02:54]} Ke4 {[%clk 0:00:48]} 67. Ng3+
{[%clk 0:03:19]} Kf4 {[%clk 0:00:53]} 68. Nh1 {[%clk 0:03:45]} Ke4
{[%clk 0:00:58]} 69. Ng3+ {[%clk 0:04:10]} Kd4 {[%clk 0:00:46]} 70. Nh1
{[%clk 0:04:35]} Ke4 {[%clk 0:01:03]}  1/2-1/2

[Event "Prague Open 2022 - A IM Open"]
[Site "Olympik hotel, Prague"]
[Date "2022.01.14"]
[Round "9"]
[Board "11"]
[White "Hrabusa, Matej"]
[Black "Michalczak, Thomas"]
[Result "1-0"]
[WhiteElo "2364"]
[BlackElo "2218"]
[PlyCount "0"]
[EventDate "2022.01.07"]
[EventRounds "9"]
[EventCountry "CZE"]

1. e4 {[%clk 1:30:54]} e5 {[%clk 1:30:45]} 2. Nf3 {[%clk 1:31:18]} Nc6
{[%clk 1:31:12]} 3. Bc4 {[%clk 1:31:42]} Nf6 {[%clk 1:31:38]} 4. Ng5
{[%clk 1:32:05]} d5 {[%clk 1:32:04]} 5. exd5 {[%clk 1:32:28]} Na5
{[%clk 1:32:31]} 6. Bb5+ {[%clk 1:32:46]} c6 {[%clk 1:32:55]} 7. dxc6
{[%clk 1:33:12]} bxc6 {[%clk 1:33:21]} 8. Bd3 {[%clk 1:33:32]} Nd5
{[%clk 1:33:38]} 9. Nf3 {[%clk 1:33:52]} Bd6 {[%clk 1:34:01]} 10. O-O
{[%clk 1:34:06]} O-O {[%clk 1:33:17]} 11. Re1 {[%clk 1:33:59]} f5
{[%clk 1:33:16]} 12. Nxe5 {[%clk 1:34:05]} Qf6 {[%clk 1:33:39]} 13. Nf3
{[%clk 1:34:31]} g5 {[%clk 1:33:52]} 14. c4 {[%clk 1:34:39]} Nf4 {[%clk 1:33:35]}
15. Bf1 {[%clk 1:35:02]} g4 {[%clk 1:33:58]} 16. d4 {[%clk 1:35:18]} gxf3
{[%clk 1:34:10]} 17. Qxf3 {[%clk 1:35:41]} Qxd4 {[%clk 1:28:48]} 18. Rd1
{[%clk 1:32:48]} Qe5 {[%clk 1:29:10]} 19. Qg3+ {[%clk 1:28:41]} Ng6
{[%clk 1:04:38]} 20. Rxd6 {[%clk 1:27:23]} f4 {[%clk 1:05:01]} 21. Rxg6+
{[%clk 1:24:21]} hxg6 {[%clk 1:04:20]} 22. Qxg6+ {[%clk 1:24:42]} Qg7
{[%clk 1:01:30]} 23. Qxg7+ {[%clk 1:22:27]} Kxg7 {[%clk 1:01:59]} 24. b4
{[%clk 1:20:07]} Nb7 {[%clk 1:02:16]} 25. Bb2+ {[%clk 1:19:03]} Kg6
{[%clk 1:02:21]} 26. Nd2 {[%clk 1:17:48]} a5 {[%clk 1:00:19]} 27. Nf3
{[%clk 1:13:04]} axb4 {[%clk 0:57:02]} 28. Ne5+ {[%clk 1:13:24]} Kg5
{[%clk 0:57:12]} 29. Nxc6 {[%clk 1:11:50]} Be6 {[%clk 0:53:27]} 30. Nxb4
{[%clk 1:09:27]} Rfc8 {[%clk 0:53:49]} 31. Bc1 {[%clk 1:02:03]} Bxc4
{[%clk 0:30:23]} 32. g3 {[%clk 0:55:41]} Bxf1 {[%clk 0:30:11]} 33. Bxf4+
{[%clk 0:55:25]} Kg4 {[%clk 0:30:28]} 34. Rxf1 {[%clk 0:54:15]} Ra4
{[%clk 0:27:23]} 35. f3+ {[%clk 0:50:52]} Kh3 {[%clk 0:27:10]} 36. Nd3
{[%clk 0:50:23]} Rxa2 {[%clk 0:26:59]} 37. Bd2 {[%clk 0:50:27]}  1-0

[Event "Prague Open 2022 - A IM Open"]
[Site "Olympik hotel, Prague"]
[Date "2022.01.14"]
[Round "9"]
[Board "13"]
[White "Jordanov, Mihail"]
[Black "Lim, Zhuo Ren"]
[Result "1/2-1/2"]
[WhiteElo "2209"]
[BlackElo "2311"]
[PlyCount "0"]
[EventDate "2022.01.07"]
[EventRounds "9"]
[EventCountry "CZE"]

1. e4 {[%clk 1:30:57]} c5 {[%clk 1:26:44]} 2. Nf3 {[%clk 1:31:14]} d6
{[%clk 1:26:48]} 3. d4 {[%clk 1:31:38]} cxd4 {[%clk 1:27:13]} 4. Qxd4
{[%clk 1:32:03]} Nc6 {[%clk 1:27:24]} 5. Qe3 {[%clk 1:32:27]} g6 {[%clk 1:27:10]}
6. Be2 {[%clk 1:32:43]} Bg7 {[%clk 1:27:31]} 7. O-O {[%clk 1:33:06]} Nf6
{[%clk 1:27:58]} 8. h3 {[%clk 1:33:15]} O-O {[%clk 1:28:12]} 9. Rd1
{[%clk 1:33:43]} Be6 {[%clk 1:25:46]} 10. Ng5 {[%clk 1:33:34]} Bd7
{[%clk 1:25:13]} 11. c4 {[%clk 1:32:51]} a6 {[%clk 1:23:53]} 12. Nc3
{[%clk 1:31:14]} b5 {[%clk 1:14:33]} 13. cxb5 {[%clk 1:17:12]} Nb4
{[%clk 1:14:40]} 14. Rb1 {[%clk 1:16:35]} axb5 {[%clk 1:12:57]} 15. e5
{[%clk 1:03:48]} dxe5 {[%clk 1:04:57]} 16. Bxb5 {[%clk 1:03:12]} Qc7
{[%clk 1:02:59]} 17. Bxd7 {[%clk 0:53:56]} Nxd7 {[%clk 1:03:18]} 18. a3
{[%clk 0:39:44]} Nc2 {[%clk 1:03:09]} 19. Qe4 {[%clk 0:40:01]} Nd4
{[%clk 1:03:01]} 20. Nd5 {[%clk 0:36:01]} Qd6 {[%clk 1:03:04]} 21. Nxe7+
{[%clk 0:34:39]} Qxe7 {[%clk 1:02:41]} 22. Rxd4 {[%clk 0:35:05]} Nc5
{[%clk 0:42:42]} 23. Qe3 {[%clk 0:29:20]} Nb3 {[%clk 0:40:58]} 24. Rd5
{[%clk 0:26:33]} Qb7 {[%clk 0:39:53]} 25. Rd3 {[%clk 0:19:33]} Rfb8
{[%clk 0:35:55]} 26. Bd2 {[%clk 0:16:55]} Nxd2 {[%clk 0:30:14]} 27. Qxd2
{[%clk 0:16:59]} Bh6 {[%clk 0:29:22]} 28. h4 {[%clk 0:16:49]} Ra7
{[%clk 0:26:38]} 29. b4 {[%clk 0:15:05]} Qa8 {[%clk 0:24:11]} 30. Qa2
{[%clk 0:07:57]} Bxg5 {[%clk 0:20:15]} 31. hxg5 {[%clk 0:08:25]} Qe4
{[%clk 0:20:41]} 32. Qd2 {[%clk 0:06:13]} Rxa3 {[%clk 0:16:50]} 33. Rd8+
{[%clk 0:06:34]} Kg7 {[%clk 0:16:22]} 34. Rxb8 {[%clk 0:06:33]} Qxb1+
{[%clk 0:16:50]} 35. Kh2 {[%clk 0:07:02]} Qe4 {[%clk 0:11:33]} 36. Rg8+
{[%clk 0:06:14]}  1/2-1/2

[Event "Prague Open 2022 - A IM Open"]
[Site "Olympik hotel, Prague"]
[Date "2022.01.14"]
[Round "9"]
[Board "14"]
[White "Acor, Corey"]
[Black "Ronce, Nathan"]
[Result "1-0"]
[WhiteElo "2303"]
[BlackElo "2171"]
[PlyCount "0"]
[EventDate "2022.01.07"]
[EventRounds "9"]
[EventCountry "CZE"]

1. e4 {[%clk 1:16:34]} c5 {[%clk 1:28:23]} 2. Nc3 {[%clk 1:16:45]} d6
{[%clk 1:28:13]} 3. g3 {[%clk 1:16:59]} Nc6 {[%clk 1:28:06]} 4. Bg2
{[%clk 1:17:19]} g6 {[%clk 1:27:00]} 5. d3 {[%clk 1:17:17]} Bg7 {[%clk 1:27:24]}
6. Be3 {[%clk 1:17:42]} Rb8 {[%clk 1:24:41]} 7. Nge2 {[%clk 1:14:23]} Nd4
{[%clk 1:22:55]} 8. O-O {[%clk 1:14:37]} b5 {[%clk 1:22:24]} 9. b4
{[%clk 1:13:00]} e6 {[%clk 1:12:18]} 10. Rb1 {[%clk 1:10:03]} Ne7
{[%clk 1:10:01]} 11. f4 {[%clk 1:00:11]} Nxe2+ {[%clk 1:05:10]} 12. Nxe2
{[%clk 1:00:18]} cxb4 {[%clk 1:02:51]} 13. Bxa7 {[%clk 0:50:21]} Ra8
{[%clk 1:02:42]} 14. Be3 {[%clk 0:50:12]} Rxa2 {[%clk 1:01:58]} 15. Rxb4
{[%clk 0:50:01]} Bd7 {[%clk 0:59:48]} 16. Bd4 {[%clk 0:39:26]} e5
{[%clk 0:52:02]} 17. fxe5 {[%clk 0:18:23]} dxe5 {[%clk 0:52:19]} 18. Qb1
{[%clk 0:14:54]} Ra8 {[%clk 0:47:16]} 19. Be3 {[%clk 0:15:01]} Rc8
{[%clk 0:43:21]} 20. c4 {[%clk 0:14:28]} Bg4 {[%clk 0:42:11]} 21. Nc3
{[%clk 0:13:08]} bxc4 {[%clk 0:42:34]} 22. dxc4 {[%clk 0:12:49]} Nc6
{[%clk 0:39:53]} 23. Rb7 {[%clk 0:12:14]} O-O {[%clk 0:40:17]} 24. Nd5
{[%clk 0:10:21]} Nd4 {[%clk 0:35:42]} 25. Bxd4 {[%clk 0:10:15]} exd4
{[%clk 0:36:04]} 26. Ne7+ {[%clk 0:10:41]} Kh8 {[%clk 0:35:32]} 27. Nxc8
{[%clk 0:11:03]} Bxc8 {[%clk 0:34:06]} 28. Rbxf7 {[%clk 0:09:32]} Rxf7
{[%clk 0:33:07]} 29. Rxf7 {[%clk 0:10:00]} d3 {[%clk 0:33:23]} 30. Rf3
{[%clk 0:09:52]} Qd4+ {[%clk 0:30:56]} 31. Kh1 {[%clk 0:10:04]} Qxc4
{[%clk 0:30:51]} 32. Qxd3 {[%clk 0:10:10]}  1-0